000 00593nam a2200193 a 4500
005 20221118063757.0
008 991125s1952 mx 000 0 spa u
035 _aUPN01000039444
049 _aLT
050 4 _aLB1573 M6
_bV4.5 1952
100 1 _aVelarde, Sergio
245 1 0 _aMi primer libro :
_bmétodo de lectura y escritura /
_cSergio Velarde.
260 _aMéxico :
_bProgreso,
_c1952.
300 _a112 p. :
_bil.
650 4 _aEscritura
_xEstudio y enseñanza (Elemental)
_92804
650 4 _aLectura
_xEstudio y enseñanza (Elemental)
_92805
905 _aLibro
999 _c39444
_d39444